| 000 | 00809cab a2200241 4500 | ||
|---|---|---|---|
| 001 | ABS55648 | ||
| 008 | 090401t1996 xxu||||| |||| 00| 0 eng d | ||
| 035 | _a(Sirsi) u17766 | ||
| 041 | _aeng | ||
| 100 | _aMiddleton, J. | ||
| 245 | _aTaking appropriate action | ||
| 260 | _c1996 | ||
| 350 | _a0 | ||
| 490 |
_aMunicipal Journal _v2 August 1996, 22(1) |
||
| 520 | _aConsiders using the legal process to solve disputes rather than expensive formal arbitration proceedings for solving contractual problems. | ||
| 650 | _aCONTRACT CLAIMS | ||
| 650 | _aCONTRACTUAL DISPUTES | ||
| 650 |
_aDISPUTE RESOLUTION _96236 |
||
| 650 | _aLEGAL PROCEEDINGS | ||
| 690 | _aMANAGEMENT-DISPUTE AVOIDANCE, MANAGEMENT AND RESOLUTION-DISPUTE MANAGEMENT AND RESOLUTION-ARBITRATION | ||
| 942 | _n0 | ||
| 948 | _c04/03/1997 | ||
| 999 |
_c11784 _d11784 |
||